000 02375njm0a2200445 4500
001 RU\NLR\ONIZ\307696
005 20250715170216.0
035 _a(NLR Aleph) 022579826
071 0 0 _aС10-18369-70
090 _a13449477
_c13449477
100 _a20230828d1983 |||y0rusy50 ca
102 _aRU
126 _aabbxexu ux
_bxxx
127 _a004826
128 _asi
_dbm
145 0 _ab
200 1 _aСимфония № 6 си минор
_bЗвукозапись
_e"Патетическая"
_eсоч. 74
_fП. Чайковский
_gисполняет: Большой симфонический оркестр Центрального телевидения и Всесоюзного радио, дирижер Вячеслав Овчинников
203 _aМузыка
_bисполнительская
_cаудио
210 _aМосква
_cМелодия
_gОпытный завод "Грамзапись"
_eМосква
_d1983
215 _a1 грп. [ГОСТ 5289-80] (ок. 49 мин) : 33 об/мин, стерео
_d30 см, в конв.
300 _aЗапись 1982 г.
300 _aКоммент. на конв. парал. рус. англ.
606 1 _aКомпозиторы русские
_z19 век
_jЗвукозапись
_2nlr_sh
606 1 _aСимфонии русских композиторов
_z19 век
_jЗвукозапись
_2nlr_sh
606 1 _aДирижёры советские и российские
_z20-21 вв.
_jЗвукозапись
_2nlr_sh
_7ca
606 1 _aОркестры симфонические советские
_z20 век
_jЗвукозапись
_2nlr_sh
686 0 _aЩ951.1-040(28)
700 1 _9z01790
_aЧайковский
_bП. И.
_f1840 - 1893
_gПетр Ильич
_4230
_7ca
702 1 _9z01790
_aОвчинников
_bВ. А.
_cкомпозитор
_f1936-2019
_gВячеслав Александрович
_4250
_7ca
712 0 2 _aБольшой симфонический оркестр ЦТ и ВР
_4590
_7ba
790 1 _9z01700
_aČajkovskij
_bP.
_f1840 - 1893
_gPeter
_4230
_7ba
790 1 _9z01702
_aOvčinnikov
_bV. A.
_f1936-2019
_gVjačeslav Aleksandrovič
_4250
_7ba
801 0 _aRU
_bNLR
_c20230828
_gPSBO
801 1 _aRU
_bNLR
_c20230828
_2rusmarc
801 2 _aRU
_bNLR
_c20250630
852 _aNLR
_bМг
_j3/10327
_p44439
_t1
942 _cREC
980 _aNB
980 _aONIZ